| 000 | 00422cam a22001217a 4500 | ||
|---|---|---|---|
| 008 | 180718b1922 xxu||||| |||| 00| 0 eng d | ||
| 082 | _aI54 B768 | ||
| 100 | _aBright, Sallie E | ||
| 245 |
_aPublic relations programs - how to plan them _cby Sallie E. Bright |
||
| 260 |
_aNew York _bNational Publicity Council _c1922 |
||
| 300 | _a44p. | ||
| 650 | _aSunland Training Center (Gainesville, Fla.) Public relations --Social servic | ||
| 999 |
_c502149 _d502149 |
||